Ogrody odchodzące...?
| Titel: | Ogrody odchodzące...? : z dziejów gdańskiej zieleni publicznej 1708-1945 / Katarzyna Rozmarynowska |
|---|---|
| Verfasser: | |
| Veröffentlicht: | Gdańsk : Fundacja Terytoria Książki, [2017] |
| Umfang: | 365 Seiten : Illustrationen |
| Format: | Buch |
| Sprache: | Polnisch |
| ISBN: | 9788379080830 |
| Hinweise zum Inhalt: |
Inhaltsverzeichnis
|
alg: 42661995 001A $03019:22-02-18 001B $01999:14-08-18 $t10:16:22.000 001C $06000:12-04-18 $t21:42:43.000 001D $03019:22-02-18 001U $0utf8 001X $00 002@ $0Aau 002C $aText $btxt $2rdacontent 002D $aohne Hilfsmittel zu benutzen $bn $2rdamedia 002E $aBand $bnc $2rdacarrier 003@ $0426619951 004A $A978-83-7908-083-0 006G $01154550745 006H $0TOCNEUA1813 $2DNB 006U $018,A15 $f20180315 007A $0426619951 $aHEB 009P $qapplication/pdf $A2 $3Inhaltsverzeichnis $uhttp://d-nb.info/1154550745/04 $mB:DE-101 010@ $apol 010E $erda 011@ $a2017 $n[2017] 021A $aOgrody odchodzące...? $dz dziejów gdańskiej zieleni publicznej 1708-1945 $hKatarzyna Rozmarynowska 028A $BVerfasser $4aut $71138821551 $8Rozmarynowska, Katarzyna [Tp3] $9416015484 033A $pGdańsk $nFundacja Terytoria Książki 034D $a365 Seiten 034M $aIllustrationen 044K $qDNB $RGrünfläche $RGrüngürtel $74022278-0 $8Grünanlage [Ts1] $9085054623 044K $qDNB $#Danzig $#Ville Libre de Danzig $#Dantzig $#Ville Libre de Dantzig $#Freistaat Danzig $#Gdańsk $#Freie Stadt Danzig $#Urząd Miejski w Gdańsku $#Gyddanzyc $#Gedanum $#Dantiscum $74011039-4 $8Danzig [Tg1] $9085022225 045E $c710 045R $aGeschichte 1708-1945 lok: 42661995 66 101B $022-02-18 $t14:32:37.000 101C $022-02-18 101U $0utf8 144Z/01 $aTereny zielone - Polska -- Gdańsk - historia 144Z/02 $aOgrody - style - Gdańsk exp: 42661995 66 1 #EPN 201B/01 $022-02-18 $t14:32:37.000 201C/01 $022-02-18 201U/01 $0utf8 203@/01 $01018492259 208@/01 $a22-02-18 $bz 209A/01 $aVk Gda/Roz $du $f000 $x00 209C/01 $a17/l2148 247C/01 $8618123-5Darmstadt, Bibliothek des Deutschen Polen-Instituts $9102600902 lok: 42661995 78 exp: 42661995 78 1 #EPN 201B/01 $019-09-19 $t14:32:17.000 201C/01 $019-09-19 201U/01 $0utf8 203@/01 $01060250497 208@/01 $a19-09-19 $be 209A/01 $a/ $f000 $x00 209A/01 $ab*p $x01 220C/01 $apgar 244Z/01 $#Generalgouvernement Polen $#Polska $#Rzeczpospolita Polska $#Polska Rzeczpospolita Ludowa $#Poland $#Pologne $#République Polonaise $#Generalne Gubernatorstwo w Polsce $#Polish People's Republic $#Polska Rzeczpospolita Polen $#PRL $#RP $#Polen Generalgouvernement $#Polska Generalgouvernement $#Besetzte Polnische Gebiete $#Besetztes Gebiet in Polen $#Okupowane Polskie Obszary $#Obszary Okupowane w Polsce $#Volksrepublik Polen $#Polska Rosyjska $#Republic Polen $#Respublika Pol'ša $#Pol'skaja Narodnaja Respublika $#République de Pologne $#Polen Links der Weichsel $#Polska po Lewej Stronie Wisły $#Lenkija $#Polija $#Gubernija Carstva Pol'skago $#Republik Polen $74046496-9 $8--Tg1--Polen $x01 $9085129801 244Z/01 $#Preußen $#Preußen $#Brandenburg-Preußen $#Königreich Preußen $#Preußische Staaten $#Preußischer Staat $#Der @Preußische Staat $#Königlich Preußische Staaten $#Prusy Królewskie $#Königlich Preußen $#Prussia $74047194-9 $8--Tg1--Preußen $x02 $9085131652 247C/01 $82080>Marburg/Lahn, Herder-Institut, Forschungsbibliothek, Bibliographieportal $9336309341
| LEADER | 00000cam a2200000 c 4500 | ||
|---|---|---|---|
| 001 | 426619951 | ||
| 003 | DE-603 | ||
| 005 | 20180814101622.0 | ||
| 007 | tu | ||
| 008 | 180222s2017 xx |||| | u00||u|pol | ||
| 015 | |a 18,A15 |2 dnb | ||
| 016 | 7 | |2 DE-101 |a 1154550745 | |
| 020 | |a 9788379080830 | ||
| 035 | |a (DE-599)HEB426619951 | ||
| 040 | |a DE-603 |b ger |c DE-603 |d DE-603 |e rda | ||
| 041 | |a pol | ||
| 084 | |a 710 |q DE-101 |2 sdnb | ||
| 100 | 1 | |a Rozmarynowska, Katarzyna |e Verfasser |4 aut |0 (DE-603)416015484 |0 (DE-588)1138821551 |2 gnd | |
| 245 | 0 | 0 | |a Ogrody odchodzące...? |b z dziejów gdańskiej zieleni publicznej 1708-1945 |c Katarzyna Rozmarynowska |
| 264 | 1 | |a Gdańsk |b Fundacja Terytoria Książki |c [2017] | |
| 300 | |a 365 Seiten |b Illustrationen | ||
| 336 | |a Text |b txt |2 rdacontent | ||
| 337 | |a ohne Hilfsmittel zu benutzen |b n |2 rdamedia | ||
| 338 | |a Band |b nc |2 rdacarrier | ||
| 648 | 7 | |a Geschichte 1708-1945 |2 gnd | |
| 650 | 7 | |a Grünanlage |0 (DE-588)4022278-0 |0 (DE-603)085054623 |2 gnd | |
| 651 | 7 | |a Danzig |0 (DE-588)4011039-4 |0 (DE-603)085022225 |2 gnd | |
| 856 | 4 | 2 | |m B:DE-101 |q application/pdf |u http://d-nb.info/1154550745/04 |3 Inhaltsverzeichnis |
| 924 | 0 | |9 Ds 123 |a (DE-603)1018492259 |b DE-Ds123 |c HES |d d |g Vk Gda/Roz | |
| 924 | 0 | |9 2080 |a (DE-603)1060250497 |b DE-2080 |c HES |d d |g / | |


